[Event "EU Union-ch U12"]
[Site "Kouty nad Desnou"]
[Date "2014.09.01"]
[Round "6"]
[White "Brnusak, Andrej"]
[Black "Nagy, Ladislav"]
[Result "1/2-1/2"]
[WhiteElo "1530"]
[BlackElo "1626"]
[PlyCount "66"]
[EventDate "2014.08.27"]
[EventType "swiss"]
[EventRounds "9"]
[EventCountry "CZE"]
[SourceTitle "CBM 162 Extra"]
[Source "ChessBase"]
[SourceDate "2014.10.17"]
[SourceVersion "1"]
[SourceVersionDate "2014.10.17"]
[SourceQuality "1"]

1. c4 g6 2. Nc3 Bg7 3. g3 d6 4. Bg2 Nf6 5. d4 Nbd7 6. Nf3 e5 7. e3 0-0 8. 0-0 c6 9. Qc2 Re8 10. b3 e4 11. Nd2 d5 12. cxd5 cxd5 13. Nb5 Re6 14. Bb2 Rc6 15. Qd1 Nf8 16. Qe2 a6 17. Nc3 Be6 18. Rfc1 Rac8 19. Qd1 Qd7 20. Na4 Qc7 21. Rxc6 Qxc6 22. Rc1 Qe8 23. Nc5 Bg4 24. Qe1 Rb8 25. Rc2 N8d7 26. Qc1 Nxc5 27. Rxc5 Rc8 28. Rxc8 Qxc8 29. Qxc8+ Bxc8 30. Nb1 Bf8 31. Ba3 Bxa3 32. Nxa3 Kf8 33. Kf1 Ke7 1/2-1/2

[Event "Czech Fed-ch U12"]
[Site "Hrdonov"]
[Date "2013.10.28"]
[Round "3"]
[White "Nagy, Ladislav"]
[Black "Suran, Jan"]
[Result "1/2-1/2"]
[WhiteElo "1529"]
[BlackElo "1530"]
[PlyCount "92"]
[EventDate "2013.10.26"]
[EventType "swiss"]
[EventRounds "9"]
[EventCountry "CZE"]
[SourceTitle "EXT 2016"]
[Source "ChessBase"]
[SourceDate "2015.10.08"]
[SourceVersion "1"]
[SourceVersionDate "2015.10.08"]
[SourceQuality "1"]

1. e4 e5 2. Nc3 Nf6 3. Bc4 Bb4 4. d3 c6 5. Bd2 d5 6. exd5 cxd5 7. Bb3 0-0 8. Nge2 Bg4 9. 0-0 Nc6 10. f3 Bc5+ 11. Kh1 Be6 12. Bg5 Kh8 13. Qd2 Be7 14. d4 exd4 15. Nxd4 Qd7 16. Nce2 h6 17. Be3 Ne5 18. Nxe6 fxe6 19. Rad1 b5 20. Nf4 a5 21. Bd4 Nc6 22. Ng6+ Kg8 23. Nxf8 Kxf8 24. c3 a4 25. Bc2 e5 26. Bf2 Na5 27. Bd3 Nh5 28. Be3 Nf6 29. Qf2 Kg8 30. Qg3 Qd6 31. Qg6 Kf8 32. Be2 Nc4 33. Bxc4 bxc4 34. Qc2 Ne8 35. f4 e4 36. Qd2 Nc7 37. f5 Bf6 38. Bf4 Be5 39. Bxe5 Qxe5 40. Qd4 Qxd4 41. Rxd4 Kf7 42. g4 Kf6 43. Kg2 Ke5 44. Rfd1 a3 45. Rb1 axb2 46. Rxb2 Ra3 1/2-1/2

[Event "EU Union-ch U10"]
[Site "Malenovice"]
[Date "2013.09.05"]
[Round "9"]
[White "David, Bogdan Emanuel"]
[Black "Nagy, Ladislav"]
[Result "1-0"]
[WhiteElo "1725"]
[BlackElo "1343"]
[PlyCount "49"]
[EventDate "2013.08.28"]
[EventType "swiss"]
[EventRounds "9"]
[EventCountry "CZE"]
[SourceTitle "CBM 156 Extra"]
[Source "ChessBase"]
[SourceDate "2013.10.22"]
[SourceVersion "1"]
[SourceVersionDate "2013.10.22"]
[SourceQuality "1"]

1. e4 c5 2. Nf3 d6 3. d4 cxd4 4. Nxd4 Nf6 5. Nc3 g6 6. Be3 Bg7 7. f3 0-0 8. Bc4 Nc6 9. Qd2 Bd7 10. 0-0-0 Qa5 11. g4 Ne5 12. Bb3 Rfc8 13. h4 Nc4 14. Bxc4 Rxc4 15. Nb3 Qd8 16. h5 Rac8 17. hxg6 fxg6 18. e5 Ne8 19. Qh2 dxe5 20. Qxh7+ Kf7 21. Rh6 Kf8 22. Rxg6 R4c6 23. Nc5 Rxc5 24. Rxg7 Nxg7 25. Bh6 1-0

[Event "EU Union-ch U10"]
[Site "Malenovice"]
[Date "2013.08.29"]
[Round "2"]
[White "Nagy, Ladislav"]
[Black "Hlozek, David"]
[Result "1/2-1/2"]
[WhiteElo "1343"]
[BlackElo "1336"]
[PlyCount "151"]
[EventDate "2013.08.28"]
[EventType "swiss"]
[EventRounds "9"]
[EventCountry "CZE"]
[SourceTitle "CBM 156 Extra"]
[Source "ChessBase"]
[SourceDate "2013.10.22"]
[SourceVersion "1"]
[SourceVersionDate "2013.10.22"]
[SourceQuality "1"]

1. e4 e5 2. Nc3 Nc6 3. Bc4 Nf6 4. d3 Bc5 5. f4 d6 6. Nf3 0-0 7. f5 Na5 8. Bb3 Nxb3 9. axb3 Re8 10. Na4 Bb6 11. Nxb6 cxb6 12. 0-0 d5 13. Qe1 dxe4 14. dxe4 Qc7 15. c3 Bd7 16. Bg5 Qc6 17. Nd2 a6 18. Rd1 b5 19. b4 b6 20. Qe2 Bc8 21. Qf3 Bb7 22. Bxf6 Qxf6 23. Qg3 Rad8 24. Rfe1 Qh6 25. Qf2 Rd6 26. Qe2 Qf4 27. Rf1 Qh6 28. Rfe1 Qf4 29. Rf1 Qg5 30. Nf3 Qd8 31. Rxd6 Qxd6 32. Rd1 Qc6 33. Re1 a5 34. bxa5 bxa5 35. Nd2 Rd8 36. Nf3 Re8 37. Kh1 Ba6 38. Qd2 Bb7 39. Qe2 Ba6 40. Qd2 Bb7 41. Qe2 f6 42. Qd3 a4 43. Qe3 Rd8 44. Qe2 Qd7 45. h3 Qd3 46. Qxd3 Rxd3 47. Re2 Rd1+ 48. Kh2 Rd3 49. Kg1 a3 50. bxa3 Rxc3 51. Kf2 Rxa3 52. Ke1 Ra6 53. Kd2 Rb6 54. Kc2 Kf7 55. Kb3 b4 56. Nd2 Ba6 57. Re3 Ke7 58. Nc4 Bxc4+ 59. Kxc4 Kd6 60. Rb3 Rc6+ 61. Kxb4 Rc2 62. g4 Re2 63. Rd3+ Ke7 64. Kc5 Rxe4 65. Kd5 Ra4 66. Rb3 Ra7 67. Ke4 Kf7 68. Rd3 Re7 69. Re3 g6 70. fxg6+ Kxg6 71. h4 Kf7 72. Kf5 Kg7 73. g5 Kf7 74. gxf6 Re6 75. Rxe5 Rxf6+ 76. Kg4 1/2-1/2

[Event "EU Union-ch U10"]
[Site "Malenovice"]
[Date "2013.08.28"]
[Round "1"]
[White "Cholakov, Nikolay"]
[Black "Nagy, Ladislav"]
[Result "1/2-1/2"]
[WhiteElo "1506"]
[BlackElo "1343"]
[PlyCount "70"]
[EventDate "2013.08.28"]
[EventType "swiss"]
[EventRounds "9"]
[EventCountry "CZE"]
[SourceTitle "CBM 156 Extra"]
[Source "ChessBase"]
[SourceDate "2013.10.22"]
[SourceVersion "1"]
[SourceVersionDate "2013.10.22"]
[SourceQuality "1"]

1. d4 Nf6 2. c4 g6 3. Nc3 Bg7 4. e4 d6 5. f4 e6 6. Nf3 0-0 7. Be3 d5 8. Bd3 dxe4 9. Nxe4 Nc6 10. Nxf6+ Bxf6 11. Be4 Ne7 12. 0-0 c6 13. Bf2 Rb8 14. Qb3 b5 15. Rfd1 Bb7 16. Qc2 a6 17. Rac1 Qa5 18. b3 Rfc8 19. Ne5 Qd8 20. Kh1 Qe8 21. Ng4 Bg7 22. Bh4 f5 23. Bf3 fxg4 24. Bxg4 Nf5 25. Bxf5 exf5 26. Re1 Qf8 27. Re7 Bf6 28. Bxf6 Qxf6 29. Rce1 Qf8 30. Qe2 Rd8 31. Qe6+ Kh8 32. Rf7 Qd6 33. Qxd6 Rxd6 34. Ree7 Ba8 35. Rxh7+ Kg8 1/2-1/2